000 00625nam a2200241 a 4500
001 nice12345678
003 IN_TiNIC
005 20260116015259.0
008 050524s1887 lona grp 000 0 eng
020 _a
_c120
082 0 0 _a269.2
_bBLY
100 _aBlyden, Edward W
245 _aChristianity, Islam and the Negro Race
260 _aLondon
_bW.B.Whittingham and Co
_c1887
300 _a407p
500 _aincludes index and biblioraphy
505 2 _aTerms, Appendix, Bibliography, Vol.3
650 _aEvangelistic Work
700 1 _aBlyden, Edward W
902 _bSRS
942 _cBK
999 _c19052
_d19052